Koruna ano, euro ne!

Postoj škandinávskych krajín k spoločnej európskej mene. Problém politických strán vo Švédsku nájsť spoločné stanovisko k spoločnej európskej mene. Odmietnutie eura v referende v roku 2003. Dánsky postoj k zavedeniu spoločnej meny. Fínsko ako jediná severská krajina, kde prijali euro.

Saved in:
Bibliographic Details
Main Author: Braun, Mats
Format: Book Chapter
Language:Czech
Subjects:
Tags: Add Tag
No Tags, Be the first to tag this record!

MARC

LEADER 00000naa$a2200000$$$4500
001 0055611
005 20231016092918.0
041 0 |a cze 
044 |a CZ 
245 1 0 |a Koruna ano, euro ne!  |c Mats Braun 
520 |a Postoj škandinávskych krajín k spoločnej európskej mene. Problém politických strán vo Švédsku nájsť spoločné stanovisko k spoločnej európskej mene. Odmietnutie eura v referende v roku 2003. Dánsky postoj k zavedeniu spoločnej meny. Fínsko ako jediná severská krajina, kde prijali euro. 
610 2 0 |a mena 
610 2 0 |a euro 
610 2 0 |a eurozóna 
610 2 0 |a koruna 
610 2 0 |a politika vnútorná 
610 2 0 |a politika zahraničná 
610 2 0 |a strany politické 
610 2 0 |a Európska únia 
610 2 0 |a Škandinávia 
100 1 |a Braun, Mats